| 000 | 00631nam a22002057a 4500 | ||
|---|---|---|---|
| 999 |
_c5911 _d5911 |
||
| 003 | AR-CdUCM | ||
| 008 | 190313b ||||| |||| 00| 0 spa d | ||
| 040 |
_aMUNICIPALIDAD PROVINCIAL DEL CUSCO _cBIBLIOTECA MUNICIPAL DEL CUSCO |
||
| 082 |
_a869.75 / _bOT86 |
||
| 100 |
_aOtero Silva, Miguel _99549 |
||
| 245 |
_aAgua y Cauce : _bpoemas revolucionarios / |
||
| 260 |
_aMéxico D.F. : _bMéxico Nuevo, _c1937. |
||
| 300 |
_a118 páginas ; _c23 cm. |
||
| 500 | _aDonación de la familia Nieto. | ||
| 650 |
_aVenezuela _92312 |
||
| 650 |
_aPoesía venezolana _911161 |
||
| 650 |
_aSiglo XX _98 |
||
| 942 |
_2ddc _cLIBROS |
||
| 945 | _araen | ||